Deutsche Champions League Teilnehmer - Sudden Death - Statistiken

Allgemein
  • Dieses Quiz wurde 820 mal gespielt
    239 seit der letzten Aktualisierung
  • Das Durchschnittsergebnis liegt bei 7 aus 15
Answers on the Grid
Answers color-coded by a green-red scale on the quiz's grid according to % correct below.
1860 München
TSG Hoffenheim
SC Freiburg
Dynamo Dresden
1. FC Union Berlin
MSV Duisburg
FC Vorwärts Berlin
Schalke 04
Greuther Fürth
BSG Chemie Leipzig
Alemannia Aachen
Hamburger SV
Mainz 05
VFL Bochum
FC Carl Zeiss Jena
Hertha BSC
Wuppertaler SC
Rot Weiß Essen
1. FC Saarbrücken
FC Augsburg
VFL Wolfsburg
St. Pauli
Hansa Rostock
Arminia Bielefeld
1. FC Kaiserslautern
 
Antwortstatistiken
Antwort % Korrekt
Schalke 04
85%
Hamburger SV
83%
VFL Wolfsburg
78%
TSG Hoffenheim
73%
1. FC Kaiserslautern
71%
1. FC Union Berlin
65%
Hertha BSC
56%
1860 München
55%
Dynamo Dresden
27%
FC Carl Zeiss Jena
18%
Hansa Rostock
15%
BSG Chemie Leipzig
14%
Rot Weiß Essen
13%
FC Vorwärts Berlin
11%
1. FC Saarbrücken
5%
Keine übereinstimmenden Quizze gefunden
Verteilung der Resultate
Anzahl Personen mit jedem Resultat
Perzentil nach korrekt beantworteten Fragen
Ihre Resultats-Entwicklung
Sie haben dieses Quiz seit der letzten Aktualisierung nicht gespielt